00759nam a22002417a 450000500170000001000250001702000260004202000230006803500230009103700130011403700190012708200150014624500730016126000450023427000630027930000320034250000400037465000210041465000320043565000310046770000030049871000160050120110825115638.0 aENG-103592 B-461974 a9780198073871c695.00 a0198073879c695.00 aEN-87125 B-461974 bDBAD/PUB bAllied Pub/Ven a339.460954 aPerspectives on poverty in India :bstylized facts from survey data  aNew DelhibOxford University Pressc2011 aYMCA Library Building, 1 Jai Singh RoadbNew Delhie110001 axx,270p. :c25cm (Hb)bill. aIncludes bibliographical references aPoverty zIndia. aIndia xEconomic conditions aIndia xSocial conditions.  aWorld Bank.